[Event "Team men HL chess 2016"]
[Site "Sochi"]
[Date "2016.05.08"]
[Round "7.7"]
[White "Ulko, Jaroslav"]
[Black "Natacheev, Peter"]
[Result "1/2-1/2"]
[WhiteElo "2441"]
[BlackElo "2361"]
[PlyCount "69"]
[EventDate "2016.05.01"]

1. d4 d5 2. c4 e6 3. Nf3 Nf6 4. Nc3 Bb4 5. Bg5 h6 6. Bxf6 Qxf6 7. e3 c5 8. cxd5
exd5 9. Bb5+ Bd7 10. Bxd7+ Nxd7 11. Qb3 Bxc3+ 12. bxc3 Qc6 13. Rb1 b6 14. c4
cxd4 15. cxd5 Qc3+ 16. Qxc3 dxc3 17. Rb4 O-O 18. Ke2 Rfe8 19. Rc1 Nf6 20. Rd4
Rad8 21. Rxc3 Rxd5 22. Rc7 Ra5 23. a4 Nd5 24. Rcc4 Re7 25. Nd2 Nc7 26. Nb3 Rae5
27. Rd8+ Kh7 28. Nd4 Ne6 29. Nxe6 R5xe6 30. Rd5 Kg6 31. Rg4+ Kf6 32. Rf4+ Kg6
33. Rg4+ Kf6 34. Rf4+ Kg6 35. Rg4+ 1/2-1/2

[Event "Team men HL chess 2016"]
[Site "Sochi"]
[Date "2016.05.08"]
[Round "7.7"]
[White "Slavin, Alexey"]
[Black "Saulin, Dmitri"]
[Result "1/2-1/2"]
[WhiteElo "2366"]
[BlackElo "2390"]
[PlyCount "80"]
[EventDate "2016.05.01"]

1. d4 Nf6 2. Bf4 e6 3. Nf3 Bd6 4. Bxd6 cxd6 5. c4 O-O 6. Nc3 Qa5 7. a3 Ne4 8.
Rc1 d5 9. cxd5 Nxc3 10. Rxc3 Qxd5 11. Qc2 Nc6 12. e4 Qa5 13. Bd3 d6 14. O-O h6
15. e5 dxe5 16. Rc5 Qb6 17. dxe5 Bd7 18. Rb5 Qc7 19. Rc1 Rfc8 20. Rc5 Qd8 21.
Bh7+ Kh8 22. Be4 Qb6 23. Qd2 Be8 24. b4 Rd8 25. Qe2 a5 26. b5 Nd4 27. Nxd4 Rxd4
28. Rc8 Rd8 29. Rxa8 Rxa8 30. a4 Rd8 31. g3 Qd4 32. Bxb7 Qxa4 33. Bc6 Rc8 34.
Qf3 Kg8 35. Kg2 Bxc6 36. bxc6 Qd4 37. Qc3 Qe4+ 38. Kg1 a4 39. c7 Qb7 40. Qd4 a3
1/2-1/2

[Event "Team men HL chess 2016"]
[Site "Sochi"]
[Date "2016.05.08"]
[Round "7.8"]
[White "Tukhaev, Adam"]
[Black "Vavulin, Maksim"]
[Result "0-1"]
[WhiteElo "2536"]
[BlackElo "2474"]
[PlyCount "72"]
[EventDate "2016.05.01"]

1. e4 e5 2. Nf3 Nc6 3. Bb5 a6 4. Ba4 d6 5. c3 g6 6. O-O Bg7 7. d4 Bd7 8. Re1
Qe7 9. d5 Nd8 10. Bc2 f5 11. exf5 gxf5 12. Na3 Nf7 13. c4 Ngh6 14. c5 O-O 15.
Nc4 Qd8 16. cxd6 cxd6 17. Be3 Bb5 18. Na3 Bd7 19. Nc4 Bb5 20. Bb6 Qf6 21. Ne3
Rac8 22. Ba4 Bxa4 23. Qxa4 Ng5 24. Qd7 Kh8 25. Rac1 Rxc1 26. Rxc1 Nxf3+ 27.
gxf3 e4 28. Kh1 f4 29. Nc4 e3 30. Nxd6 Qxb2 31. Rg1 Rg8 32. Qh3 exf2 33. Bxf2
Qxf2 34. Ne4 Qe3 35. d6 Bd4 36. Rxg8+ Nxg8 0-1

[Event "Team men HL chess 2016"]
[Site "Sochi"]
[Date "2016.05.08"]
[Round "7.8"]
[White "Savenkov, Konstantin"]
[Black "Gabrielian, Artur"]
[Result "0-1"]
[WhiteElo "2381"]
[BlackElo "2520"]
[PlyCount "70"]
[EventDate "2016.05.01"]

1. Nf3 Nf6 2. g3 g6 3. Bg2 Bg7 4. O-O O-O 5. d4 d6 6. c4 Nbd7 7. Nc3 e5 8. e3
Re8 9. b3 c6 10. a4 e4 11. Nd2 d5 12. cxd5 cxd5 13. f3 Bh6 14. f4 Nb8 15. b4
Nc6 16. Ba3 Bf8 17. Qb3 h5 18. a5 h4 19. Rfc1 Be6 20. Na4 Qd7 21. Qb2 hxg3 22.
hxg3 Bh3 23. Nc5 Qg4 24. Nf1 b6 25. Na4 Ne7 26. axb6 axb6 27. Nc3 Nf5 28. Qf2
Rec8 29. Bb2 Bxb4 30. Rxa8 Rxa8 31. Nh2 Qh5 32. Rb1 Bxg2 33. Kxg2 Bxc3 34. Bxc3
Rc8 35. Be1 Rc2 0-1

[Event "Team men HL chess 2016"]
[Site "Sochi"]
[Date "2016.05.08"]
[Round "7.8"]
[White "Yandarbiev, Ruslan"]
[Black "Tarasov, Alexandr"]
[Result "1/2-1/2"]
[WhiteElo "2353"]
[BlackElo "2323"]
[PlyCount "117"]
[EventDate "2016.05.01"]

1. d4 Nf6 2. Nf3 b5 3. Bf4 e6 4. e3 a6 5. Be2 Be7 6. h3 O-O 7. Nbd2 Bb7 8. O-O
d5 9. Ne5 Nbd7 10. a4 b4 11. c3 bxc3 12. bxc3 c5 13. Qb3 Qc8 14. Rab1 Ra7 15.
c4 Nxe5 16. Bxe5 Nd7 17. Bg3 cxd4 18. exd4 dxc4 19. Bxc4 Qa8 20. f3 Nf6 21.
Rfc1 Bd5 22. Qd3 Rd8 23. Nb3 a5 24. Nc5 Bxc4 25. Qxc4 h6 26. Nd3 Qd5 27. Ne5
Qxc4 28. Rxc4 Raa8 29. Nc6 Rd7 30. Rb5 Nd5 31. Nxa5 Ne3 32. Rc7 Rxd4 33. Rxe7
Nf5 34. Rxf5 exf5 35. Nc6 Rdxa4 36. Re2 f4 37. Be1 Ra2 38. Kf1 Rxe2 39. Kxe2
Re8+ 40. Kd2 g5 41. Bf2 Kg7 42. h4 Kg6 43. hxg5 hxg5 44. Nd4 Kf6 45. Ne2 Rd8+
46. Ke1 Ke5 47. g3 fxg3 48. Bxg3+ Ke6 49. Kf2 f5 50. Ke3 Kd5 51. Bc7 Rc8 52.
Bb6 Rb8 53. Ba5 Kc4 54. f4 g4 55. Bc7 Rb3+ 56. Kf2 Rb2 57. Be5 Rb7 58. Ng3 Rf7
59. Ke3 1/2-1/2

[Event "Team men HL chess 2016"]
[Site "Sochi"]
[Date "2016.05.08"]
[Round "7.8"]
[White "Kovalev, Egor"]
[Black "Kozak, Alexander"]
[Result "0-1"]
[WhiteElo "2207"]
[BlackElo "2280"]
[PlyCount "56"]
[EventDate "2016.05.01"]

1. Nf3 f5 2. d3 Nc6 3. e4 e5 4. g3 Nf6 5. Bg2 fxe4 6. dxe4 Bc5 7. O-O O-O 8. c3
d6 9. b4 Bb6 10. Nbd2 a6 11. a4 Kh8 12. Nc4 Ba7 13. Qe2 Nxe4 14. Qxe4 d5 15.
Qe1 dxc4 16. Nxe5 Nxe5 17. Qxe5 Bf5 18. Bxb7 Bh3 19. Bf4 Rf5 20. Qe4 Rb8 21.
Bxa6 Qf6 22. Bxc4 Rf8 23. Bd3 g5 24. Be3 Bxe3 25. Qxe3 Rf3 26. Qe2 Qxc3 27. Be4
Rxf2 28. Rfc1 Qd4 0-1

[Event "Team men HL chess 2016"]
[Site "Sochi"]
[Date "2016.05.08"]
[Round "7.9"]
[White "Ponomarenko, Alexandr"]
[Black "Shcherbakov, Ruslan"]
[Result "0-1"]
[WhiteElo "2240"]
[BlackElo "2492"]
[PlyCount "72"]
[EventDate "2016.05.01"]

1. e4 c5 2. Nf3 d6 3. d4 cxd4 4. Nxd4 Nf6 5. Nc3 a6 6. Bg5 Nbd7 7. Bd3 g6 8.
Qd2 Bg7 9. O-O-O h6 10. Bh4 e5 11. Nb3 Qc7 12. Be2 b5 13. f3 Bf8 14. Nd5 Nxd5
15. Qxd5 Nb6 16. Qd2 Be6 17. Kb1 Nc4 18. Bxc4 bxc4 19. Nc1 Rb8 20. Ne2 Qb6 21.
c3 Bg7 22. Rhf1 O-O 23. Qc1 d5 24. exd5 Bf5+ 25. Ka1 Bd3 26. Rd2 Qc5 27. Qd1 f5
28. Rxd3 cxd3 29. Qxd3 e4 30. Qxa6 Qxd5 31. Nf4 Qd2 32. Rb1 Rxb2 33. Qc4+ Kh7
34. Nd5 Rxb1+ 35. Kxb1 Rb8+ 36. Nb4 Qxc3 0-1

[Event "Team men HL chess 2016"]
[Site "Sochi"]
[Date "2016.05.08"]
[Round "7.9"]
[White "Scherbakov, Mikhail"]
[Black "Dulenko, Maxim"]
[Result "1/2-1/2"]
[WhiteElo "2139"]
[BlackElo "2148"]
[PlyCount "95"]
[EventDate "2016.05.01"]

1. e4 c5 2. Nf3 d6 3. Bb5+ Bd7 4. Bxd7+ Nxd7 5. O-O Ngf6 6. Qe2 e6 7. d4 cxd4
8. Nxd4 Nc5 9. f3 Be7 10. c4 O-O 11. Nc3 a6 12. Rd1 Qc7 13. Be3 Rac8 14. Rac1
Rfd8 15. b4 Ncd7 16. Na4 Ne5 17. Nb3 Ned7 18. Kh1 Qb8 19. Nd4 Bf8 20. a3 h6 21.
Nb3 Re8 22. Bf4 Nh5 23. Be3 Nhf6 24. Qd3 Ne5 25. Qf1 Ned7 26. Bf2 Kh7 27. Rd2
b6 28. Qd3 Ne5 29. Qd4 b5 30. Nb6 Nxc4 31. Nxc4 Rxc4 32. Rxc4 bxc4 33. Qxc4 Qa8
34. Qd3 Kg8 35. Rc2 d5 36. e5 Nd7 37. Bd4 Rc8 38. h3 Be7 39. f4 g6 40. Kh2 Bd8
41. Rc3 Bb6 42. Qc2 Rxc3 43. Qxc3 Bxd4 44. Nxd4 Qa7 45. a4 Kg7 46. h4 Qb8 47.
b5 axb5 48. Nxb5 1/2-1/2

[Event "Team men HL chess 2016"]
[Site "Sochi"]
[Date "2016.05.08"]
[Round "7.9"]
[White "Kayukov, Kirill"]
[Black "Smorchkov, Danil"]
[Result "0-1"]
[WhiteElo "2166"]
[BlackElo "2017"]
[PlyCount "84"]
[EventDate "2016.05.01"]

1. c4 Nf6 2. Nc3 e6 3. e4 d5 4. cxd5 exd5 5. e5 Ne4 6. Nxe4 dxe4 7. Qa4+ Nc6 8.
Qxe4 Qd4 9. Qxd4 Nxd4 10. Bd3 Be6 11. b3 O-O-O 12. Bb1 Bb4 13. Ne2 Nxe2 14.
Kxe2 Rhe8 15. f3 Bd5 16. Bb2 Bxb3 17. Bf5+ Kb8 18. d4 Bc4+ 19. Ke3 c5 20. Rhc1
b5 21. Rd1 cxd4+ 22. Bxd4 Bc5 23. Bxc5 Rxe5+ 24. Be4 Rxd1 25. Bxa7+ Kxa7 26.
Rxd1 Kb6 27. Kf4 Rh5 28. Rh1 Bxa2 29. h4 h6 30. Bf5 g5+ 31. Kg4 Rxh4+ 32. Rxh4
gxh4 33. Kxh4 b4 34. Kh5 b3 35. Kxh6 b2 36. Kg7 Kc5 37. Kf6 Kd4 38. f4 Bd5 39.
Bb1 Bxg2 40. f5 Bd5 41. Ke7 Ke5 42. f6 Be6 0-1

[Event "Team men HL chess 2016"]
[Site "Sochi"]
[Date "2016.05.08"]
[Round "7.9"]
[White "Lushnikov, Sergey"]
[Black "Tereshechkina, Maya"]
[Result "1-0"]
[WhiteElo "1953"]
[BlackElo "2065"]
[PlyCount "63"]
[EventDate "2016.05.01"]

1. e4 e6 2. d4 d5 3. exd5 exd5 4. Nf3 Bd6 5. c4 dxc4 6. Bxc4 Ne7 7. Nc3 O-O 8.
O-O Bg4 9. h3 Bh5 10. g4 Bg6 11. Ne5 Nbc6 12. f4 h5 13. f5 Bxe5 14. dxe5 Nxe5
15. Bd5 hxg4 16. fxg6 Nxd5 17. Qxd5 Nf3+ 18. Rxf3 gxf3 19. gxf7+ Rxf7 20. Qxd8+
Rxd8 21. Kf2 Rd4 22. Bg5 Rf5 23. Rg1 Rb4 24. b3 Rc5 25. Be7 Rxb3 26. Bxc5 Rxc3
27. Rxg7+ Kh8 28. Rxc7 Kg8 29. Rg7+ Kh8 30. Bd4 Rc2+ 31. Kxf3 Rxa2 32. Rg2+ 1-0

[Event "Team men HL chess 2016"]
[Site "Sochi"]
[Date "2016.05.08"]
[Round "7.10"]
[White "Triapishko, Olexandr"]
[Black "Vasilyev, Vasily"]
[Result "1-0"]
[WhiteElo "2474"]
[BlackElo "2308"]
[PlyCount "117"]
[EventDate "2016.05.01"]

1. d4 d5 2. Bf4 Nf6 3. e3 g6 4. Nf3 Bg7 5. h3 c5 6. c3 O-O 7. Nbd2 Nc6 8. Be2
Nd7 9. O-O e5 10. dxe5 Ndxe5 11. Nxe5 Nxe5 12. Bxe5 Bxe5 13. Nf3 Bf6 14. Qb3
Be6 15. Rfd1 Qe7 16. Qa4 Rfd8 17. Rd2 a6 18. Rad1 b5 19. Qf4 Rab8 20. Ne5 g5
21. Qg3 Qd6 22. f4 Kh8 23. Rxd5 Qc7 24. fxg5 Bxe5 25. Qxe5+ Qxe5 26. Rxe5 Rxd1+
27. Bxd1 Rd8 28. Bf3 Rd2 29. Bb7 Rxb2 30. Bxa6 Bxa2 31. Rxc5 Bc4 32. Bb7 Rb3
33. Bc6 Kg7 34. e4 Kg6 35. Kh2 Kh5 36. Bd7 Kg6 37. Be8 Kg7 38. h4 Bd3 39. Rc7
Bc4 40. Bc6 Kg6 41. Bd5 Bxd5 42. exd5 Rb2 43. Rc6+ Kg7 44. h5 Rd2 45. h6+ Kf8
46. d6 Ke8 47. Rc8+ Kd7 48. Rh8 Rd5 49. Rxh7 Rxg5 50. Rxf7+ Ke6 51. Rf3 Rg8 52.
h7 Rh8 53. Rh3 Kxd6 54. Kg3 Ke6 55. Kf4 Kf6 56. Rh6+ Kg7 57. Kg5 Kf7 58. Rh5
Kg7 59. Rh3 1-0

[Event "Team men HL chess 2016"]
[Site "Sochi"]
[Date "2016.05.08"]
[Round "7.10"]
[White "Ganzhurov, Roman"]
[Black "Sitnikov, Anton"]
[Result "0-1"]
[WhiteElo "2241"]
[BlackElo "2425"]
[PlyCount "70"]
[EventDate "2016.05.01"]

1. e4 e6 2. d4 d5 3. e5 c5 4. c3 Nc6 5. Nf3 Bd7 6. Be2 Nge7 7. Na3 Ng6 8. Nc2
cxd4 9. cxd4 f6 10. O-O fxe5 11. dxe5 Ngxe5 12. Nxe5 Nxe5 13. Re1 Qf6 14. Bh5+
g6 15. f4 Nc6 16. Bg4 Bc5+ 17. Kh1 O-O 18. b4 Nxb4 19. Rb1 Nxc2 20. Qxc2 b6 21.
Qe2 Rae8 22. Rb3 Re7 23. Rg3 e5 24. Qd1 exf4 25. Rf1 Qe5 26. Rd3 Bxg4 27. Qxg4
Qe2 28. Rdf3 Qe6 29. Qh4 Qf6 30. Qg4 Qf5 31. Qh4 g5 32. Qh5 g4 33. Qxf5 Rxf5
34. Rxf4 Rxf4 35. Bxf4 Re2 0-1

[Event "Team men HL chess 2016"]
[Site "Sochi"]
[Date "2016.05.08"]
[Round "7.10"]
[White "Derevianchenko, Ilia"]
[Black "Mestnikov, Aisen"]
[Result "1-0"]
[WhiteElo "2308"]
[BlackElo "2197"]
[PlyCount "75"]
[EventDate "2016.05.01"]

1. e4 e5 2. Nc3 Nc6 3. g3 g6 4. Bg2 Bg7 5. d3 d6 6. Be3 Be6 7. Nd5 Nce7 8. Qd2
c6 9. Nxe7 Nxe7 10. Nf3 h6 11. d4 g5 12. O-O-O Qc7 13. dxe5 dxe5 14. Bc5 Nc8
15. Bf1 b6 16. Bb4 Bf6 17. Kb1 a5 18. Ba3 Be7 19. Qc3 Bxa3 20. Qxa3 f6 21. h4
g4 22. Nh2 Qe7 23. Qc3 Qc5 24. Qxc5 bxc5 25. h5 Ke7 26. c3 c4 27. Bg2 Nd6 28.
Nf1 Rab8 29. Ne3 Rb6 30. Rd2 a4 31. a3 Rd8 32. Rhd1 Rd7 33. Ka2 Nb7 34. Rxd7+
Bxd7 35. Bf1 Na5 36. Be2 Be8 37. Bxg4 Nb7 38. Nf5+ 1-0

[Event "Team men HL chess 2016"]
[Site "Sochi"]
[Date "2016.05.08"]
[Round "7.10"]
[White "Mestnikov, Aital"]
[Black "Barash, Mikhail"]
[Result "1/2-1/2"]
[WhiteElo "2188"]
[BlackElo "2133"]
[PlyCount "108"]
[EventDate "2016.05.01"]

1. e4 c5 2. Nf3 d6 3. d4 cxd4 4. Nxd4 Nf6 5. Nc3 e5 6. Bb5+ Bd7 7. Bxd7+ Qxd7
8. Nde2 Qc6 9. Ng3 Nbd7 10. Qf3 g6 11. O-O Bg7 12. Rd1 O-O 13. Qd3 Ne8 14. Nd5
Kh8 15. h4 Ndf6 16. Nb4 Qc5 17. c3 Ng4 18. Qe2 h5 19. Nd5 Nef6 20. Bg5 Rfe8 21.
Qf3 Nxd5 22. Rxd5 Qc7 23. Rad1 Re6 24. Qd3 Qb6 25. Qe2 Bf6 26. Rb5 Qc6 27. f3
a6 28. fxg4 Qxb5 29. c4 Qb6+ 30. Be3 Qc7 31. gxh5 Bxh4 32. hxg6 fxg6 33. Qg4
Qe7 34. Nf5 gxf5 35. exf5 Rg8 36. Qh5+ Qh7 37. Qxh7+ Kxh7 38. fxe6 Be7 39. c5
Rd8 40. Rf1 Kg6 41. Rf7 Re8 42. cxd6 Bxd6 43. Rxb7 Rxe6 44. Rb6 Kf7 45. b4 Be7
46. Rb7 Kg6 47. g4 Bg5 48. Kf2 Rc6 49. Bc5 a5 50. a4 e4 51. Rb5 axb4 52. Bxb4
Rc2+ 53. Ke1 e3 54. Re5 Rc4 1/2-1/2

[Event "Team men HL chess 2016"]
[Site "Sochi"]
[Date "2016.05.08"]
[Round "7.11"]
[White "Taysayev, Timur"]
[Black "Grishchenko, Sergey"]
[Result "0-1"]
[WhiteElo "2231"]
[BlackElo "2441"]
[PlyCount "74"]
[EventDate "2016.05.01"]

1. e4 c6 2. d4 d5 3. Nc3 dxe4 4. Nxe4 Nf6 5. Nxf6+ gxf6 6. Nf3 Bf5 7. Bf4 Qd5
8. Bd3 Qe6+ 9. Be3 Rg8 10. O-O Na6 11. Bxf5 Qxf5 12. Qe2 e6 13. c4 O-O-O 14.
Rfd1 Nc7 15. Ne1 Bd6 16. Qf3 Qg6 17. Rac1 Kb8 18. b4 e5 19. c5 Be7 20. b5 cxb5
21. d5 Bf8 22. d6 Ne6 23. Rb1 a6 24. a4 Qg4 25. Qd5 Qxa4 26. Rdc1 Rg4 27. f3
Rc4 28. Rd1 Qa3 29. Bf2 Rxc5 30. Qe4 Rxd6 31. Nc2 Qa4 32. Bxc5 Rxd1+ 33. Rxd1
Bxc5+ 34. Kf1 Qxe4 35. fxe4 b4 36. Ne1 a5 37. Nd3 a4 0-1

[Event "Team men HL chess 2016"]
[Site "Sochi"]
[Date "2016.05.08"]
[Round "7.11"]
[White "Potapov, Alexey"]
[Black "Nazaretyan, Tigran"]
[Result "0-1"]
[WhiteElo "2368"]
[BlackElo "2316"]
[PlyCount "88"]
[EventDate "2016.05.01"]

1. Nf3 d5 2. g3 Nc6 3. Bg2 e5 4. d3 Nf6 5. O-O Be7 6. c4 d4 7. Bg5 O-O 8. Bxf6
Bxf6 9. Ne1 h5 10. Nc2 h4 11. b4 Be7 12. b5 Nb8 13. a4 Nd7 14. a5 a6 15. Nd2
Nc5 16. Nb4 axb5 17. cxb5 Bd7 18. a6 Bxb5 19. axb7 Rxa1 20. Qxa1 Nxb7 21. Nc6
Bxc6 22. Bxc6 Nc5 23. Nc4 Bd6 24. Qa7 Qg5 25. Qa2 g6 26. Nd2 hxg3 27. hxg3 Kg7
28. Bg2 f5 29. Nf3 Qf6 30. Qd5 Na4 31. Qc4 Nc3 32. Re1 c5 33. Nd2 e4 34. e3
dxe3 35. Rxe3 Nd1 36. Re1 Nb2 37. Qd5 Nxd3 38. Rd1 Nb4 39. Qb3 Be5 40. Bf1 Bd4
41. Be2 Rh8 42. Qa3 Qc6 43. Nb3 Bxf2+ 44. Kxf2 e3+ 0-1

[Event "Team men HL chess 2016"]
[Site "Sochi"]
[Date "2016.05.08"]
[Round "7.11"]
[White "Aivazian, Grigory"]
[Black "Pogosian, Georgy"]
[Result "1-0"]
[WhiteElo "2315"]
[BlackElo "2184"]
[PlyCount "69"]
[EventDate "2016.05.01"]

1. Nf3 d5 2. g3 Nf6 3. Bg2 e6 4. O-O c5 5. c4 Nc6 6. b3 Be7 7. Bb2 O-O 8. cxd5
exd5 9. d4 Be6 10. dxc5 Bxc5 11. Nc3 a6 12. Rc1 Ba7 13. e3 Qe7 14. Ne2 Rac8 15.
Nf4 Rfd8 16. Nd4 Nxd4 17. Rxc8 Rxc8 18. Bxd4 Bxd4 19. Qxd4 Rc2 20. Nxd5 Nxd5
21. Bxd5 Rxa2 22. Bxe6 fxe6 23. Rc1 Ra5 24. Rc8+ Kf7 25. Qe4 Rf5 26. Rb8 Rb5
27. Qxh7 Rxb3 28. Qg8+ Kf6 29. Rf8+ Ke5 30. Rf7 Qb4 31. Qxg7+ Kd6 32. Qf8+ Ke5
33. Qb8+ Kd5 34. Rd7+ Kc6 35. Qc8+ 1-0

[Event "Team men HL chess 2016"]
[Site "Sochi"]
[Date "2016.05.08"]
[Round "7.11"]
[White "Zaika, Daniil"]
[Black "Kulumbekov, Giya"]
[Result "1/2-1/2"]
[WhiteElo "2077"]
[BlackElo "2052"]
[PlyCount "148"]
[EventDate "2016.05.01"]

1. d4 e6 2. Nf3 c5 3. c3 Nc6 4. e4 d5 5. exd5 exd5 6. Bb5 Bd6 7. O-O Nge7 8.
dxc5 Bxc5 9. Nbd2 O-O 10. Nb3 Bd6 11. Bg5 Bg4 12. Re1 Qc7 13. h3 Bh5 14. Bxe7
Nxe7 15. Bd3 Kh8 16. Nbd4 a6 17. Qc2 Nc6 18. g4 Bg6 19. Rad1 Rad8 20. Kg2 Kg8
21. h4 Ne5 22. Nxe5 Bxe5 23. h5 Bxd3 24. Rxd3 Bf6 25. Qd2 h6 26. f4 Rde8 27.
Rxe8 Rxe8 28. Nf5 Re4 29. Kf3 Qc4 30. Nd6 Rxf4+ 31. Ke2 Re4+ 32. Kd1 Qxa2 33.
Nxe4 dxe4 34. Rd7 Qa4+ 35. Ke2 e3 36. Qd5 Qxg4+ 37. Kxe3 Bg5+ 38. Kd3 Qxh5 39.
Rd8+ Kh7 40. Qf5+ Qg6 41. Qxg6+ Kxg6 42. Rd7 h5 43. Ke2 f5 44. Rxb7 h4 45. Kf3
Bc1 46. c4 Kf6 47. c5 g5 48. c6 g4+ 49. Kf2 Ke6 50. Rh7 Bf4 51. c7 Bxc7 52.
Rxc7 f4 53. Kg2 Kf5 54. Rf7+ Ke4 55. Re7+ Kf5 56. Rh7 h3+ 57. Kh2 Kg5 58. b4
Kg6 59. Rh8 Kg5 60. Rg8+ Kh4 61. Rh8+ Kg5 62. Kg1 Kf5 63. Rh6 Kg5 64. Rxa6 g3
65. Ra3 Kg4 66. b5 f3 67. Ra4+ Kg5 68. Ra1 Kf4 69. b6 Ke3 70. Ra3+ Ke2 71. Ra2+
Ke1 72. Ra1+ Ke2 73. Ra2+ Ke1 74. Ra1+ Ke2 1/2-1/2

[Event "Team men HL 2016"]
[Site "Sochi"]
[Date "2016.05.09"]
[Round "8.1"]
[White "Alekseenko, Kirill"]
[Black "Eliseev, Urii"]
[Result "1/2-1/2"]
[LiveChessVersion "1.4.4"]
[BlackElo "2606"]
[WhiteElo "2570"]

1. e4 {[%clk 1:30:19]} e5 {[%clk 1:30:55]} 2. Nf3 {[%clk 1:30:12]} Nc6
{[%clk 1:31:20]} 3. Bb5 {[%clk 1:30:04]} a6 {[%clk 1:31:44]} 4. Ba4
{[%clk 1:30:03]} Nf6 {[%clk 1:32:08]} 5. O-O {[%clk 1:29:51]} Nxe4
{[%clk 1:32:33]} 6. d4 {[%clk 1:28:53]} Be7 {[%clk 1:32:57]} 7. Re1
{[%clk 1:22:55]} b5 {[%clk 1:33:18]} 8. d5 {[%clk 1:20:02]} Nc5 {[%clk 1:33:26]}
9. Bb3 {[%clk 1:18:45]} Na5 {[%clk 1:33:50]} 10. Nxe5 {[%clk 1:14:31]} d6
{[%clk 1:33:58]} 11. Nc6 {[%clk 1:04:44]} Nxc6 {[%clk 1:34:21]} 12. dxc6
{[%clk 1:05:10]} Nxb3 {[%clk 1:02:55]} 13. axb3 {[%clk 1:04:07]} Be6
{[%clk 1:03:20]} 14. Nc3 {[%clk 0:58:36]} d5 {[%clk 0:50:00]} 15. Qd4
{[%clk 0:48:22]} Bf6 {[%clk 0:48:50]} 16. Qxd5 {[%clk 0:47:10]} O-O
{[%clk 0:46:29]} 17. Qf3 {[%clk 0:39:20]} Bxc3 {[%clk 0:46:28]} 18. Qxc3
{[%clk 0:35:24]} Qd6 {[%clk 0:46:49]} 19. Bg5 {[%clk 0:24:42]} Bd5
{[%clk 0:46:31]} 20. Be7 {[%clk 0:09:55]} Qg6 {[%clk 0:46:49]} 21. Qg3
{[%clk 0:09:49]} Rfe8 {[%clk 0:43:34]} 22. Re5 {[%clk 0:08:44]} Qxg3
{[%clk 0:38:12]} 23. hxg3 {[%clk 0:09:09]} Bxc6 {[%clk 0:38:36]} 24. Rc5
{[%clk 0:09:18]} Bd7 {[%clk 0:37:49]} 25. Bg5 {[%clk 0:09:31]} c6
{[%clk 0:36:41]} 26. Rd1 {[%clk 0:09:55]} Ra7 {[%clk 0:32:13]} 27. b4
{[%clk 0:10:03]} f6 {[%clk 0:29:37]} 28. Be3 {[%clk 0:10:28]} Rc7
{[%clk 0:29:58]} 29. Rc3 {[%clk 0:10:29]} Bf5 {[%clk 0:27:36]} 30. Rd6
{[%clk 0:06:04]} Kf7 {[%clk 0:26:24]} 31. Rdxc6 {[%clk 0:03:52]} Rxc6
{[%clk 0:26:29]} 32. Rxc6 {[%clk 0:04:18]} Rc8 {[%clk 0:26:53]} 33. Rxa6
{[%clk 0:04:44]} Rxc2 {[%clk 0:27:18]} 34. Ra7+ {[%clk 0:05:09]} Kg8
{[%clk 0:26:30]} 35. Bd4 {[%clk 0:04:28]} Rc1+ {[%clk 0:25:08]} 36. Kh2
{[%clk 0:04:53]} h5 {[%clk 0:25:32]} 37. Rb7 {[%clk 0:04:20]} Bd3
{[%clk 0:25:39]} 38. Rb8+ {[%clk 0:03:30]} Kh7 {[%clk 0:25:28]} 39. Rb7
{[%clk 0:03:32]} Kg8 {[%clk 0:25:24]} 40. Rb8+ {[%clk 0:33:55]} Kh7
{[%clk 0:55:50]} 41. Rd8 {[%clk 0:29:41]} Bc4 {[%clk 0:52:40]} 42. Rc8
{[%clk 0:29:42]} Rd1 {[%clk 0:53:00]} 43. Bc3 {[%clk 0:29:55]} Kg6
{[%clk 0:53:10]} 44. Rc7 {[%clk 0:29:31]} Rd3 {[%clk 0:52:22]} 45. Rb7
{[%clk 0:27:40]} Rd5 {[%clk 0:52:17]} 46. f3 {[%clk 0:27:39]} Rd3
{[%clk 0:51:13]} 47. Re7 {[%clk 0:24:40]} Rd1 {[%clk 0:50:29]} 48. Ra7
{[%clk 0:24:54]} Rd3 {[%clk 0:49:33]} 49. Rb7 {[%clk 0:25:13]} Rd5
{[%clk 0:49:31]} 50. Rc7 {[%clk 0:18:48]} Rd3 {[%clk 0:49:31]} 51. Rc8
{[%clk 0:16:27]} Rd1 {[%clk 0:49:39]} 52. Rb8 {[%clk 0:16:21]} Rd3
{[%clk 0:49:45]} 53. Re8 {[%clk 0:15:38]} Rd1 {[%clk 0:49:38]} 54. Re7
{[%clk 0:16:03]} Rd3 {[%clk 0:46:43]} 55. Re1 {[%clk 0:15:06]} Bb3
{[%clk 0:47:04]} 56. Ra1 {[%clk 0:14:52]} Rd1 {[%clk 0:47:04]} 57. Ra5
{[%clk 0:14:27]} Bc4 {[%clk 0:47:26]} 58. b3 {[%clk 0:11:35]} Bd3
{[%clk 0:47:39]} 59. Ra7 {[%clk 0:10:59]} Bc2 {[%clk 0:47:45]} 60. Rb7
{[%clk 0:10:18]} Rd5 {[%clk 0:48:05]} 1/2-1/2

[Event "Team men HL 2016"]
[Site "Sochi"]
[Date "2016.05.09"]
[Round "8.2"]
[White "Paravyan, David"]
[Black "Levin, Evgeny A"]
[Result "1-0"]
[WhiteElo "2497"]
[BlackElo "2510"]
[PlyCount "79"]
[EventDate "2016.??.??"]
[TimeControl "6000+2280"]
[WhiteClock "0:38:33"]
[BlackClock "0:01:06"]

1. e4 e6 2. d4 d5 3. Nc3 Nf6 4. e5 Nfd7 5. f4 c5 6. Nf3 Nc6 7. Be3 Be7 8. Qd2
O-O 9. dxc5 Qa5 10. O-O-O Bxc5 11. a3 Rd8 12. Nd4 Bxd4 13. Bxd4 Nxd4 14. Qxd4
a6 15. f5 Qb6 16. Qf4 Qc7 17. fxe6 fxe6 18. Bd3 Rf8 19. Qh4 h6 {[#]} 20. Qe7
Qxe5 21. Rde1 Qf4+ 22. Kb1 Nf6 23. Rhf1 Qg5 (23... Qxh2 24. Rxf6 (24. Na4)
24... Rxf6 25. Qe8+ Rf8 26. Qg6 Rf6 27. Qe8+) 24. Rf3 Qh5 25. g4 Qe8 26. Qd6
Qd8 27. Qg3 d4 28. Ne4 (28. Ne2 b5 29. Nf4) 28... Nxe4 (28... Bd7 29. Nxf6+
Rxf6 30. Rxf6 Qxf6) 29. Rxe4 Rxf3 30. Qxf3 Qd5 {[#]} 31. Qf4 (31. g5 hxg5 32.
Qh5 Bd7 33. Re1) 31... Bd7 32. Rxd4 Qh1+ 33. Ka2 Bc6 34. Qe5 Qf3 35. Bc4 Re8 (
35... Qf6 36. Bxe6+ Kh8 37. Qxf6 gxf6 38. c4) 36. Rf4 Qg2 37. Bxe6+ Kh7 38. Rf7
Qxg4 {[#]} 39. Bf5+ Kg8 40. Rf8+ 1-0

[Event "Team men HL 2016"]
[Site "Sochi"]
[Date "2016.05.09"]
[Round "8.3"]
[White "Usmanov, Vasily"]
[Black "Iljiushenok, Ilia"]
[Result "1/2-1/2"]
[LiveChessVersion "1.4.4"]
[BlackElo "2499"]
[WhiteElo "2436"]

1. d4 {[%clk 1:30:50]} d5 {[%clk 1:30:43]} 2. Nf3 {[%clk 1:31:16]} Nf6
{[%clk 1:31:05]} 3. c4 {[%clk 1:31:35]} c6 {[%clk 1:31:26]} 4. e3
{[%clk 1:31:57]} Bf5 {[%clk 1:31:38]} 5. Nc3 {[%clk 1:32:22]} e6 {[%clk 1:31:59]}
6. Nh4 {[%clk 1:32:27]} Bg6 {[%clk 1:32:19]} 7. Nxg6 {[%clk 1:32:52]} hxg6
{[%clk 1:32:46]} 8. Qb3 {[%clk 1:32:48]} Qc7 {[%clk 1:31:56]} 9. g3
{[%clk 1:32:03]} Nbd7 {[%clk 1:31:40]} 10. Bg2 {[%clk 1:31:31]} Be7
{[%clk 1:31:19]} 11. O-O {[%clk 1:30:56]} Nb6 {[%clk 1:29:50]} 12. cxd5
{[%clk 1:31:19]} exd5 {[%clk 1:28:18]} 13. Qc2 {[%clk 1:30:13]} g5
{[%clk 1:10:29]} 14. Re1 {[%clk 1:10:34]} Qd7 {[%clk 1:04:51]} 15. e4
{[%clk 1:07:59]} Nxe4 {[%clk 1:04:48]} 16. Nxe4 {[%clk 1:00:14]} dxe4
{[%clk 1:05:13]} 17. Qxe4 {[%clk 0:51:29]} Kf8 {[%clk 0:59:44]} 18. Bd2
{[%clk 0:50:49]} Nd5 {[%clk 0:53:07]} 19. b4 {[%clk 0:45:00]} a6 {[%clk 0:29:44]}
20. a4 {[%clk 0:44:37]} g6 {[%clk 0:29:13]} 21. b5 {[%clk 0:42:32]} axb5
{[%clk 0:29:14]} 22. axb5 {[%clk 0:43:00]} Kg7 {[%clk 0:29:24]} 23. bxc6
{[%clk 0:33:58]} bxc6 {[%clk 0:29:52]} 24. Qc2 {[%clk 0:33:44]} Bf6
{[%clk 0:28:12]} 25. Ra4 {[%clk 0:32:00]} Rxa4 {[%clk 0:24:10]} 26. Qxa4
{[%clk 0:32:27]} Rb8 {[%clk 0:24:23]} 27. Rc1 {[%clk 0:30:20]} Rb2
{[%clk 0:23:32]} 28. Be1 {[%clk 0:25:32]} Nb6 {[%clk 0:21:58]} 29. Qxc6
{[%clk 0:25:18]} Qxc6 {[%clk 0:21:57]} 30. Bxc6 {[%clk 0:25:21]} Bxd4
{[%clk 0:22:20]} 31. Bc3 {[%clk 0:21:01]} Bxc3 {[%clk 0:22:45]} 32. Rxc3
{[%clk 0:21:28]} Nc8 {[%clk 0:21:39]} 33. Bd5 {[%clk 0:21:08]} Ne7
{[%clk 0:22:01]} 34. Be4 {[%clk 0:20:16]} Rb4 {[%clk 0:22:16]} 35. Bf3
{[%clk 0:19:43]} Kf6 {[%clk 0:21:52]} 36. Kg2 {[%clk 0:19:33]} Rb2
{[%clk 0:21:58]} 37. Be4 {[%clk 0:19:06]} Rb4 {[%clk 0:21:57]} 38. Bf3
{[%clk 0:19:22]} Rb2 {[%clk 0:22:06]} 39. Be4 {[%clk 0:19:46]} Rb4
{[%clk 0:21:56]} 40. Bf3 {[%clk 0:50:08]} Rb2 {[%clk 0:52:18]} 41. Be4
{[%clk 0:50:33]} 1/2-1/2